Sports Quiz

Random Sports or Baseball Quiz

1903 MLB Teams Match-up Quiz Stats

 Plays Quiz Updated Feb 5, 2014

Support Sporcle.
Go Orange.
Score 0/16 Timer 04:00
1 Play Today
% Correct
Chicago
93.6%
Philadelphia
90.4%
Pittsburgh
90.2%
Chicago
89.4%
Cincinnati
88.6%
Detroit
88.5%
St. Louis
88%
New York
84.1%
% Correct
Washington
82.9%
Philadelphia
73.2%
Boston
72.6%
St. Louis
59.4%
New York
57.9%
Boston
54.7%
Cleveland
43%
Brooklyn
33%

You're not logged in!

Compare scores with friends on all Sporcle quizzes.
OR
Log In

From the Vault

#11 Athletes

by NYYanks

Can you name these twelve elevens?
Remove Ads.
Support Sporcle.
Get the best of Sporcle when you Go Orange. This ad-free experience offers more features, more stats, and more fun while also helping to support Sporcle. Thank you for becoming a member.

Show Comments

Extras

Top Quizzes Today


Score Distribution

Your Account Isn't Verified!

In order to create a playlist on Sporcle, you need to verify the email address you used during registration. Go to your Sporcle Settings to finish the process.

Report this User

Report this user for behavior that violates our Community Guidelines.

Details: